000 00621nam a2200193Ia 4500
008 090124s9999 xx 000 0 und d
020 _a81-86742-19-0
082 _b43697
100 _aतारखेडकर ए. आर.
245 _a वास्तुसूत्र
250 _a3
260 _b"कॉस्मो पब्लिशिंग हाऊस,"
_c2005
300 _a410
600 _aतारखेडकर ए. आर.
630 _a वास्तुसूत्र
700 _aतारखेडकर ए. आर.
730 _a वास्तुसूत्र
942 _cBOOK
999 _c109926
_d109926